000 00942nam a2200265Ia 4500
003 OSt
005 20221005112602.0
006 a|||||r|||| 00| 0
007 ta
008 221004b |||||||| |||| 00| 0 pan d
020 _a9789383392414 (hbk)
_cINR 350.00
024 _a44802
037 _b1070, 26/02/2019, H.K. Prakashan
_cTextual
040 _aCRL
_cCRL
_bpan
041 _2pan
_apan
082 _aO153,1NSI9x, Q8
100 _aਸਿੰਘ, ਯੋਧ, ਂਚ.
245 0 _aਕਵਿਤਾ ਪਾਲਤੂ ਨਹੀ੍ਵ ਹੁੰਦੀ
260 _aਚੰਡੀਗੜ੍ਹ
_bਲੋਕਗੀਤ ਪ੍ਰਕਾFਨ ਭਾਰਤ
_c2018
300 _a217ਪ0
_ccm.
650 _a ਪੰਜਾਬੀ ਕਾਵਿ
650 _aਪੰਜਾਬੀ ਸਾਹਿਤ
942 _hO153,1NSI9x, Q8
_cTEXL
_2cc
999 _c1025336
_d1025336